| 000 | 00566nam a2200181Ia 4500 | ||
|---|---|---|---|
| 008 | 210719s2017 xx 000 0 und d | ||
| 020 | _a978-1-138-89751-9 | ||
| 041 | _aeng | ||
| 082 | _a658.406 UHLB | ||
| 100 | _aUHL (Axel);GOLLENIA (Lars Alexander) Ed | ||
| 245 | _aBusiness transformation essentials: case studies and articles | ||
| 260 |
_aLondon _bRoutledge _c2017 |
||
| 300 |
_ax,255 _bPB |
||
| 365 |
_b1395 _cRs |
||
| 650 | _aExecutive Management | ||
| 650 | _aManagement | ||
| 906 | _aarticles ; Business ; case ; essentials: ; studies ; transformation | ||
| 999 |
_c212042 _d212042 |
||